Československé hospodářství v letech 1948-1955

Guardado en:
Detalles Bibliográficos
Autor principal: Snítil, Zdeněk
Otros Autores: Kaplan, Karel
Formato: Libro
Lenguaje:checo
Publicado: Praha Vysoká škola ekonomická v Praze 1969
Colección:Vědecká sdělení: Řada kabinetu národního hospodářství č. 18
Materias:
Etiquetas: Agregar Etiqueta
Sin Etiquetas, Sea el primero en etiquetar este registro!

MARC

LEADER 00000nam$a2200000$$$4500
001 0005479
005 20240109104417.2
041 0 |a cze 
044 |a CS 
245 1 0 |a Československé hospodářství v letech 1948-1955  |c Zdeněk Snítil, Karel Kaplan 
264 1 |a Praha  |b Vysoká škola ekonomická v Praze  |c 1969 
300 |a 111 s. 
490 1 |a Vědecká sdělení: Řada kabinetu národního hospodářství č. 18 
830 0 |a Vědecká sdělení: Řada kabinetu národního hospodářství č. 18 
610 2 0 |a situácia hospodárska 
100 1 |a Snítil, Zdeněk 
700 1 |a Kaplan, Karel